Reforma de la legislación penal de montes : establecida por las ordenanzas de 22 de diciembre de 1833 establecida por las ordenanzas de 22 de diciembre de 1833
Descripción Física:
26 p. : 1 làm. ; 23 cm
MARC
| LEADER | 00000nam a2200000Ia 4500 | ||
|---|---|---|---|
| 001 | 17306 | ||
| 008 | 160829s1884 xx 000 0 cat d | ||
| 080 | |a RF-15-19 | ||
| 245 | |a Reforma de la legislación penal de montes : |b establecida por las ordenanzas de 22 de diciembre de 1833 | ||
| 260 | |a Madrid : |b Imprenta del Colegio Nacional de Sordo - mudos y de Ciegos, |c 1884 | ||
| 300 | |a 26 p. : |b 1 làm. ; |c 23 cm | ||
| 590 | |a Prové de 491, exp. 3 | ||
| 650 | 0 | |a Boscos i silvicultura |x Dret i legislació |9 47033 | |
| 650 | |a Espanya |9 67081 | ||
| 856 | 4 | |u https://media.diba.cat/diba/fitxers/arxiu/fulletons/bib_17306_1884_baixa.pdf |y Accés lliure | |
| 856 | 4 | |u https://media.diba.cat/diba/fitxers/arxiu/fulletons/bib_17306_1884_baixa.pdf |y Accés lliure | |
| 901 | |a Arxiu | ||
| 942 | |n 1 |2 udc | ||
| 952 | |0 0 |1 0 |4 0 |6 RF1519 |7 1 |9 53614 |a Arxiu |b Arxiu |d 2016-12-01 |l 0 |o RF-15-19 |p 17306 |r 2016-12-01 00:00:00 |w 2016-12-01 |y ARXIU | ||
| 999 | |c 57480 |d 57480 | ||
| 900 | |a bib_17306_1884_baixa.pdf | ||